05707 2202629 4500001002100000005001500021035002000036245009300056100001600149250002900165300004300194700001700237700001800254700001800272260006300290082001000353084001600363020002200379600002100401504002900422520002600451990001300477990001300490990001300503990001300516990001300529990001300542990001300555990001300568990001300581990001300594990001300607990001300620990001300633990001300646990001300659990001300672990001300685990001300698990001300711990001300724990001300737990001300750990001300763990001300776990001300789990001300802990001300815990001300828990001300841990001300854990001300867990001300880990001300893990001300906990001300919990001300932990001300945990001300958990001300971990001300984990001300997990001301010990001301023990001301036990001301049990001301062990001301075990001301088990001301101990001301114990001301127990001301140990001301153990001301166990001301179990001301192990001301205990001301218990001301231990001301244990001301257990001301270990001301283990001301296990001301309990001301322990001301335990001301348990001301361990001301374990001301387990001301400990001301413990001301426990001301439990001301452990001301465990001301478990001301491990001301504990001301517990001301530990001301543990001301556990001301569990001301582990001301595990001301608990001301621990001301634990001301647990001301660990001301673990001301686990001301699990001301712990001301725990001301738990001301751990001301764990001301777990001301790990001301803990001301816990001301829990001301842990001301855990001301868990001301881990001301894990001301907990001301920990001301933990001301946990001301959990001301972990001301985990001301998990001302011990001302024990001302037990001302050990001302063990001302076990001302089990001302102990001302115990001302128990001302141990001302154990001302167990001302180990001302193990001302206990001302219990001302232990001302245990001302258990001302271990001302284990001302297990001302310990001302323990001302336990001302349990001302362990001302375990001302388990001302401990001302414990001302427990001302440990001302453990001302466990001302479990001302492990001302505990001302518990001302531990001302544990001302557990001302570990001302583990001302596990001302609990001302622990001302635990001302648990001302661990001302674990001302687990001302700990001302713990001302726990001302739990001302752990001302765990001302778990001302791990001302804990001302817990001302830990001302843990001302856990001302869990001302882990001302895990001302908990001302921990001302934990001302947990001302960990001302973990001302986990001302999990001303012990001303025990001303038990001303051990001303064INLIS00000000000002220221103012118 a0010-11220000221 aSejarah Indonesia kelas XII :bSMA/MA/SMK/MAK kurikulum 2013 /cAbdurakhman... [ et al.]0 aAbdurakhman acet.2, edisi revisi 2018 aviii, 272 hlm. :bilus. ;c25 x 18 cm.0 aArif Pradono0 aLinda Sunarti0 aSusanto Zuhdi aJakarta :bKementerian Pendidikan dan Kebudayaan RI,c2018 a959.8 a959.8 ABD s a978-602-427-125-1 4aSejarah Indonesi aBibliografi ;hlm.254-257 aBiografi :hlm.263-271 a05990599 a05990599 a05990599 a05990599 a05990599 a05990599 a05990599 a05990599 a05990599 a05990599 a05990599 a05990599 a05990599 a05990599 a05990599 a05990599 a05990599 a05990599 a05990599 a05990599 a05990599 a05990599 a05990599 a05990599 a05990599 a05990599 a05990599 a05990599 a05990599 a05990599 a05990599 a05990599 a05990599 a05990599 a05990599 a05990599 a05990599 a05990599 a05990599 a05990599 a05990599 a05990599 a05990599 a05990599 a05990599 a05990599 a05990599 a05990599 a05990599 a05990599 a05990599 a05990599 a05990599 a05990599 a05990599 a05990599 a05990599 a05990599 a05990599 a05990599 a05990599 a05990599 a05990599 a05990599 a05990599 a05990599 a05990599 a05990599 a05990599 a05990599 a05990599 a05990599 a05990599 a05990599 a05990599 a05990599 a05990599 a05990599 a05990599 a05990599 a05990599 a05990599 a05990599 a05990599 a05990599 a05990599 a05990599 a05990599 a05990599 a05990599 a05990599 a05990599 a05990599 a05990599 a05990599 a05990599 a05990599 a05990599 a05990599 a05990599 a02320232 a02320232 a02320232 a02320232 a02320232 a02320232 a02320232 a02320232 a02320232 a02320232 a02320232 a02320232 a02320232 a02320232 a02320232 a02320232 a02320232 a02320232 a02320232 a02320232 a02320232 a02320232 a02320232 a02320232 a02320232 a02320232 a02320232 a02320232 a02320232 a02320232 a02320232 a02320232 a02320232 a02320232 a02320232 a02320232 a02320232 a02320232 a02320232 a02320232 a02320232 a02320232 a02320232 a02320232 a02320232 a02320232 a02320232 a02320232 a02320232 a02320232 a02320232 a02320232 a02320232 a02320232 a02320232 a02320232 a02320232 a02320232 a02320232 a02320232 a02320232 a02320232 a02320232 a02320232 a02320232 a02320232 a02320232 a02320232 a02320232 a02320232 a02320232 a02320232 a02320232 a02320232 a02320232 a02320232 a02320232 a02320232 a02320232 a02320232 a02320232 a02320232 a02320232 a02320232 a02320232 a02320232 a02320232 a02320232 a02320232 a02320232 a02320232 a02320232 a02320232 a02320232 a02320232 a02320232 a02320232 a02320232 a02320232 a02320232